| 000 | 01206nam a2200289 a 4500 | ||
|---|---|---|---|
| 003 | OSt | ||
| 005 | 20231201104552.0 | ||
| 007 | cr ||||||a|c|a | ||
| 008 | 1988 s ||| |||fom||| 001 0 spa d | ||
| 040 | _erda | ||
| 100 | 1 |
_9188320 _aSerna Huescas, Ignacio Edgar |
|
| 245 | 1 |
_aDemanda de fertilizantes en México: _baplicación de un modelo econométrico / _cpor Ignacio Edgar Serna Huescas; director de tesis Elida Estela Treviño Siller |
|
| 264 |
_aChapingo, México : _bEl autor, _c1988. |
||
| 300 | _a1 recurso en línea (110 páginas). | ||
| 336 |
_2rdacontent _atexto _btxt |
||
| 337 |
_2rdamedia _acomputadora _bc |
||
| 338 |
_2rdacarrier _arecurso en línea _bcr |
||
| 502 |
_bLE _cDICEA _d1988. _gLIC |
||
| 504 | _aIncluye referencias bibliográficas: páginas 40-42 | ||
| 650 | 4 |
_940451 _aFertilizantes _xAspectos económicos |
|
| 650 | 4 |
_940468 _aFertilizantes _xConsumo |
|
| 650 | 4 |
_9142681 _aCultivos _x Rendimiento |
|
| 650 | 2 |
_9133064 _aSeguridad alimentaria _zMéxico |
|
| 700 | 1 |
_9114886 _aTreviño Siller, Elida Estela _edirector |
|
| 856 |
_uhttp://10.13.5.2/tesis/tl/17904_SERNA_HUESCAS_IGNACIOEDGAR.pdf _zDESCARGAR PDF |
||
| 942 |
_2Clasificación Universidad Autónoma Chapingo _cTD |
||
| 999 |
_c219462 _d219462 |
||